000 01633cam a2200133 4500500
005 20251214005203.0
041 _afre
042 _adc
100 1 0 _aDrouguet, Noémie
_eauthor
245 0 0 _aLe musée de société : De l'exposition de folklore aux enjeux contemporains
260 _bArmand Colin,
_c2015.
520 _aTandis que la plupart des musées d’ethnographie régionale conçus sur un modèle classique peinent à toucher leurs visiteurs, et que les musées locaux se multiplient, un nouveau modèle est en train d’émerger : le musée dit « de société » ou « de civilisation ». Cette « catégorie » de musées offre de multiples visages – de la collection thématique au musée national, du musée de plein air aux musées sans objets – et une complexité passionnante à explorer : enjeux politiques, problématique identitaire, rapports affectifs avec la mémoire, statut du patrimoine ethnologique, professionnalisation au détriment du « charme » que certains apprécient… Comment ces musées se sont-ils constitués ? Quelles en sont les spécificités ? Comment répondent-ils aux problématiques contemporaines ? Quels publics peuvent-ils toucher ? Cet ouvrage, première grande synthèse sur le sujet, vient faire le point sur ces institutions, interroger leur devenir dans la société mondialisée et multiculturelle d’aujourd’hui et montrer également que l’approche « de société » ne s’applique pas à une discipline mais concerne tous les types de musées.
856 4 1 _uhttps://shs.cairn.info/le-musee-de-societe--9782200283032?lang=fr&redirect-ssocas=7080
999 _c1568697
_d1568697